[Event "Avoine op 34th"]
[Site "Avoine"]
[Date "2019.07.24"]
[Round "5"]
[White "Depoorter, Enguerran"]
[Black "Primel, Dominique"]
[Result "1/2-1/2"]
[WhiteElo "2183"]
[BlackElo "1916"]
[PlyCount "66"]
[EventDate "2019.07.20"]
[EventType "swiss"]
[EventRounds "9"]
[EventCountry "FRA"]
[SourceTitle "EXT 2020"]
[Source "ChessBase"]
[SourceDate "2019.10.17"]
[SourceVersion "1"]
[SourceVersionDate "2019.10.17"]
[SourceQuality "1"]

1. d4 Nf6 2. c4 e6 3. Nf3 b6 4. Nc3 Bb4 5. Bg5 Bb7 6. e3 h6 7. Bh4 g5 8. Bg3 Ne4 9. Qc2 f5 10. Bd3 Bxc3+ 11. bxc3 d6 12. d5 Na6 13. Bxe4 fxe4 14. Qxe4 Qf6 15. 0-0 Nc5 16. Qd4 0-0 17. Rac1 e5 18. Qd1 Rae8 19. Qe2 Bc8 20. Nd2 Qg6 21. e4 h5 22. f3 h4 23. Bf2 Nd7 24. Be3 Nf6 25. h3 Nh5 26. Rfd1 Nf4 27. Bxf4 gxf4 28. Kh1 Re7 29. c5 bxc5 30. Nf1 Rg7 31. Nh2 Kh8 32. Rb1 Rfg8 33. Ng4 Qg5 1/2-1/2

[Event "Avoine op 34th"]
[Site "Avoine"]
[Date "2019.07.20"]
[Round "4"]
[White "Algaba, Solene"]
[Black "Depoorter, Enguerran"]
[Result "1/2-1/2"]
[WhiteElo "1931"]
[BlackElo "2183"]
[PlyCount "38"]
[EventDate "2019.07.20"]
[EventType "swiss"]
[EventRounds "9"]
[EventCountry "FRA"]
[SourceTitle "EXT 2020"]
[Source "ChessBase"]
[SourceDate "2019.10.17"]
[SourceVersion "1"]
[SourceVersionDate "2019.10.17"]
[SourceQuality "1"]

1. e4 c5 2. Nf3 d6 3. d4 cxd4 4. Nxd4 Nf6 5. Nc3 g6 6. Be2 Bg7 7. Be3 0-0 8. Qd2 Nc6 9. 0-0-0 Nxd4 10. Bxd4 Be6 11. h4 Qa5 12. a3 Rfc8 13. h5 b5 14. hxg6 hxg6 15. Nd5 Qxd2+ 16. Rxd2 Nxd5 17. exd5 Bd7 18. Bxg7 Kxg7 19. Rh4 Rc5 1/2-1/2

[Event "Cappelle op 30th"]
[Site "Cappelle la Grande"]
[Date "2014.03.03"]
[Round "3"]
[White "Depoorter, Enguerran"]
[Black "Soltanici, Ruslan"]
[Result "0-1"]
[WhiteElo "2131"]
[BlackElo "2344"]
[PlyCount "122"]
[EventDate "2014.03.01"]
[EventType "swiss"]
[EventRounds "9"]
[EventCountry "FRA"]
[SourceTitle "CBM 159 Extra"]
[Source "ChessBase"]
[SourceDate "2014.04.24"]
[SourceVersion "1"]
[SourceVersionDate "2014.04.24"]
[SourceQuality "1"]

1. e4 c5 2. Nf3 d6 3. Bb5+ Nd7 4. d4 cxd4 5. Qxd4 a6 6. Bxd7+ Bxd7 7. Nc3 Rc8 8. 0-0 e5 9. Qd3 h6 10. Nd2 Qc7 11. Rd1 Nf6 12. Nf1 Be7 13. Ne3 Be6 14. a4 0-0 15. f3 Qc5 16. Kh1 Rfd8 17. Ncd5 Nxd5 18. exd5 Bd7 19. c3 b5 20. axb5 axb5 21. Nc2 Ra8 22. Be3 Qc4 23. Qxc4 bxc4 24. Ba7 f5 25. Ra5 f4 26. Rda1 Bf5 27. Nb4 Re8 28. Nc6 Bf6 29. Bb6 Rxa5 30. Rxa5 e4 31. fxe4 Rxe4 32. Ra8+ Kh7 33. Kg1 Re2 34. Nd4 Rxb2 35. Nxf5 Rxb6 36. Rc8 Kg6 37. Nd4 Bxd4+ 38. cxd4 Rb5 39. Rxc4 Rxd5 40. Kf2 Kf5 41. Kf3 g5 42. g4+ fxg3 43. hxg3 h5 44. Ra4 Rb5 45. Ra3 g4+ 46. Ke3 d5 47. Rc3 Rb2 48. Rc8 Rb3+ 49. Kf2 Rb2+ 50. Ke3 Rg2 51. Rf8+ Kg6 52. Rg8+ Kf7 53. Rg5 Rxg3+ 54. Kf2 h4 55. Rxd5 Kg6 56. Rd8 Rf3+ 57. Kg1 h3 58. Kh2 Rf2+ 59. Kg1 Rd2 60. d5 Kf5 61. d6 Kf4 0-1

[Event "FRA-chT2 1011"]
[Site "France"]
[Date "2010.11.13"]
[Round "2.1"]
[White "Depoorter, Enguerran"]
[Black "Barthes, Christian"]
[Result "1/2-1/2"]
[WhiteElo "2152"]
[BlackElo "2127"]
[PlyCount "73"]
[EventDate "2010.10.17"]
[EventType "team-tourn"]
[EventRounds "11"]
[EventCountry "FRA"]
[SourceTitle "EXT 2012"]
[Source "ChessBase"]
[SourceDate "2011.11.24"]
[SourceVersion "1"]
[SourceVersionDate "2011.11.24"]
[SourceQuality "1"]

1. e4 e6 2. Nf3 d5 3. e5 c5 4. b4 d4 5. bxc5 Bxc5 6. Bd3 Nd7 7. c3 dxc3 8. dxc3 Ne7 9. 0-0 Ng6 10. Qe2 0-0 11. Na3 a6 12. Qe4 Rb8 13. Nc4 b5 14. Nd6 Bxd6 15. exd6 Nc5 16. Qd4 Nxd3 17. Qxd3 Bb7 18. Rd1 Bd5 19. Ba3 Qf6 20. Bb4 Nf4 21. Qe3 Bxf3 22. Qxf3 Nd5 23. Qxf6 gxf6 24. Ba5 Rb7 25. a4 Rd7 26. axb5 axb5 27. Rab1 Rc8 28. Rxb5 Nxc3 29. Bxc3 Rxc3 30. Rb6 f5 31. Kf1 Kg7 32. Ke2 Kf6 33. f4 Rc4 34. Kf3 Rc3+ 35. Kf2 Rc2+ 36. Kf3 Rc3+ 37. Kf2 1/2-1/2

[Event "FRA-ch Accession"]
[Site "Nimes"]
[Date "2009.08.19"]
[Round "8"]
[White "Depoorter, Enguerran"]
[Black "Lamard, Guillaume"]
[Result "1/2-1/2"]
[WhiteElo "2207"]
[BlackElo "2101"]
[PlyCount "78"]
[EventDate "2009.08.11"]
[EventType "swiss"]
[EventRounds "9"]
[EventCountry "FRA"]
[SourceTitle "CBM 132 Extra"]
[Source "ChessBase"]
[SourceDate "2009.11.03"]
[SourceVersion "1"]
[SourceVersionDate "2009.11.03"]
[SourceQuality "1"]

1. d4 d5 2. c4 c6 3. Nc3 Nf6 4. Bg5 e6 5. e3 Nbd7 6. cxd5 exd5 7. Bd3 Be7 8. Qc2 0-0 9. Nge2 Re8 10. f3 Nf8 11. 0-0-0 Nh5 12. Bf4 Nxf4 13. exf4 Bd6 14. h4 Qe7 15. Kb1 b5 16. h5 a5 17. h6 g6 18. g3 Qa7 19. f5 a4 20. Nf4 Bxf4 21. gxf4 Re3 22. fxg6 fxg6 23. Ka1 b4 24. Ne2 Ba6 25. Bxa6 Qxa6 26. Nc1 b3 27. Qd2 Rae8 28. a3 Qc4 29. f5 gxf5 30. Qg2+ Ng6 31. Qg5 R8e7 32. Qxf5 Rf7 33. Qc8+ Rf8 34. Qd7 Rf7 35. Qc8+ Rf8 36. Qd7 Re7 37. Qg4 Qc2 38. Nd3 Re2 39. Qd7 Rf7 1/2-1/2

[Event "FRA-ch Accession"]
[Site "Nimes"]
[Date "2009.08.18"]
[Round "7"]
[White "Thet, Sylvain"]
[Black "Depoorter, Enguerran"]
[Result "0-1"]
[WhiteElo "2031"]
[BlackElo "2207"]
[PlyCount "86"]
[EventDate "2009.08.11"]
[EventType "swiss"]
[EventRounds "9"]
[EventCountry "FRA"]
[SourceTitle "CBM 132 Extra"]
[Source "ChessBase"]
[SourceDate "2009.11.03"]
[SourceVersion "1"]
[SourceVersionDate "2009.11.03"]
[SourceQuality "1"]

1. d4 d5 2. c4 c6 3. Nc3 e6 4. Nf3 dxc4 5. a4 Bb4 6. e3 b5 7. Bd2 Bxc3 8. bxc3 Nd7 9. Be2 Ngf6 10. Qc2 Bb7 11. 0-0 Qc7 12. Rfb1 a6 13. Ng5 0-0 14. f4 h6 15. Nf3 c5 16. Qc1 Be4 17. Rb2 Qc6 18. Qf1 Nd5 19. dxc5 Qxc5 20. Nd4 Nc7 21. Bf3 Nf6 22. Be1 Bd3 23. Be2 Bg6 24. Bf3 Ne4 25. g4 Rab8 26. Qg2 Nd6 27. Bf2 bxa4 28. Rba2 Ndb5 29. e4 Nxc3 30. Nxe6 Qc6 31. Nxf8 Nxa2 32. Nxg6 fxg6 33. Be1 Nb4 34. e5 Qd7 35. Rd1 Nd3 36. Bc6 Qd4+ 37. Kh1 Nf2+ 38. Qxf2 Qxd1 39. Kg2 Qxg4+ 40. Kh1 a3 41. Be4 Rb2 42. Qd4 Qe2 43. Qd8+ Kh7 0-1

[Event "FRA-ch Accession"]
[Site "Nimes"]
[Date "2009.08.16"]
[Round "6"]
[White "Depoorter, Enguerran"]
[Black "Prodhomme, Boris"]
[Result "0-1"]
[WhiteElo "2207"]
[BlackElo "2183"]
[PlyCount "104"]
[EventDate "2009.08.11"]
[EventType "swiss"]
[EventRounds "9"]
[EventCountry "FRA"]
[SourceTitle "CBM 132 Extra"]
[Source "ChessBase"]
[SourceDate "2009.11.03"]
[SourceVersion "1"]
[SourceVersionDate "2009.11.03"]
[SourceQuality "1"]

1. d4 d5 2. Nf3 Nf6 3. Bg5 g6 4. Nbd2 Bg7 5. e3 0-0 6. Bd3 Nbd7 7. 0-0 c5 8. c3 b6 9. Qb1 Bb7 10. b4 cxd4 11. cxd4 Rc8 12. Qb2 Ne4 13. Bf4 f6 14. h3 e5 15. Bh2 Qe7 16. Bb5 Nc3 17. Bxd7 Qxd7 18. dxe5 Ba6 19. Rfe1 fxe5 20. Bxe5 Bxe5 21. Nxe5 Qg7 22. Ndf3 Rfe8 23. a4 Rxe5 24. Nxe5 Qxe5 25. b5 Bb7 26. Red1 Qg5 27. Rd4 Ne4 28. Rc1 Qf5 29. f3 Ng3 30. Kf2 Ne4+ 31. Kg1 Ng3 32. Kf2 Ne4+ 33. Kg1 Rxc1+ 34. Qxc1 Ng5 35. Qe1 Qe5 36. Qf2 Ne6 37. Rd1 Nc5 38. Rd4 Kg7 39. Kh1 Nd7 40. e4 Nf6 41. exd5 Bxd5 42. Qd2 g5 43. Qd1 h5 44. Qd2 Kg6 45. Qd1 Be6 46. Qd3+ Bf5 47. Qd1 Qg3 48. Rd6 g4 49. hxg4 hxg4 50. fxg4 Be4 51. Qd2 Bxg2+ 52. Kg1 Bd5+ 0-1

[Event "FRA-ch Accession"]
[Site "Nimes"]
[Date "2009.08.15"]
[Round "5"]
[White "Lebreton, Flavien"]
[Black "Depoorter, Enguerran"]
[Result "1/2-1/2"]
[WhiteElo "2012"]
[BlackElo "2207"]
[PlyCount "63"]
[EventDate "2009.08.11"]
[EventType "swiss"]
[EventRounds "9"]
[EventCountry "FRA"]
[SourceTitle "CBM 132 Extra"]
[Source "ChessBase"]
[SourceDate "2009.11.03"]
[SourceVersion "1"]
[SourceVersionDate "2009.11.03"]
[SourceQuality "1"]

1. d4 d5 2. c4 e6 3. Nf3 c6 4. e3 Bd6 5. b3 Nd7 6. Bb2 f5 7. Bd3 Qf6 8. Nbd2 Nh6 9. Qc2 0-0 10. 0-0-0 e5 11. dxe5 Nxe5 12. cxd5 cxd5 13. Nc4 dxc4 14. Bxc4+ Kh8 15. Rxd6 Qxd6 16. Rd1 Nxc4 17. Rxd6 Nxd6 18. Qc7 Nhf7 19. Ng5 Be6 20. Kb1 Rac8 21. Bxg7+ Kxg7 22. Nxe6+ Kf6 23. Qd7 Rfe8 24. Nf4 Rcd8 25. Qa4 Ne4 26. Qxa7 Re7 27. f3 b5 28. Qb6+ Rd6 29. Nd5+ Ke6 30. Nf4+ Kf6 31. Nd5+ Ke6 32. Nf4+ 1/2-1/2

[Event "FRA-chT2 Nord 0708"]
[Site "France"]
[Date "2007.12.16"]
[Round "4.2"]
[White "Depoorter, Enguerran"]
[Black "Kohlweyer, Bernd"]
[Result "1/2-1/2"]
[WhiteElo "2426"]
[BlackElo "2200"]
[PlyCount "78"]
[EventDate "2007.10.21"]
[EventType "team"]
[EventRounds "11"]
[EventCountry "FRA"]
[SourceTitle "EXT 2009"]
[Source "ChessBase"]
[SourceDate "2008.11.26"]
[SourceVersion "1"]
[SourceVersionDate "2008.11.26"]
[SourceQuality "1"]
[WhiteTeam "Neuville en Ferrain"]
[BlackTeam "Le Touquet"]
[WhiteTeamCountry "FRA"]
[BlackTeamCountry "FRA"]

1. e4 c5 2. Nf3 e6 3. d4 cxd4 4. Nxd4 Nf6 5. Bd3 Nc6 6. Nxc6 dxc6 7. Be3 e5 8. h3 Bd6 9. 0-0 Qe7 10. Nc3 Bc5 11. Qf3 Nd7 12. Ne2 Bxe3 13. Qxe3 a5 14. c3 Qc5 15. Qg3 0-0 16. Kh1 a4 17. b4 axb3 18. axb3 Rxa1 19. Rxa1 Nb6 20. b4 Qd6 21. Qe3 Qc7 22. Ng3 Be6 23. Kh2 Rd8 24. Ra5 f6 25. Ra7 Nc8 26. Ra8 Nd6 27. Rxd8+ Qxd8 28. Qc5 Kf7 29. Be2 g6 30. Bd3 Qe7 31. Kg1 Nc8 32. Qxe7+ Kxe7 33. Kf1 Kd6 34. Ke2 c5 35. bxc5+ Kxc5 36. Nf1 Nd6 37. Ne3 h6 38. h4 b5 39. g3 g5 1/2-1/2

[Event "Bethune op 27th"]
[Site "Bethune"]
[Date "2006.12.26"]
[Round "1"]
[White "Abergel, Thal"]
[Black "Depoorter, Enguerran"]
[Result "1-0"]
[WhiteElo "2474"]
[BlackElo "2177"]
[PlyCount "51"]
[EventDate "2006.12.26"]
[EventType "swiss"]
[EventRounds "9"]
[EventCountry "FRA"]
[SourceTitle "CBM 116 Extra"]
[Source "ChessBase"]
[SourceDate "2007.03.07"]
[SourceVersion "1"]
[SourceVersionDate "2007.03.07"]
[SourceQuality "1"]

1. e4 c5 2. Nf3 a6 3. c4 Nc6 4. d4 cxd4 5. Nxd4 Nf6 6. Nc3 e6 7. Nxc6 dxc6 8. Qxd8+ Kxd8 9. Bf4 Bb4 10. 0-0-0+ Ke7 11. f3 Nd7 12. a3 Bc5 13. e5 f5 14. exf6+ gxf6 15. Bd3 a5 16. Rhe1 Kf7 17. g4 e5 18. Bh6 Nf8 19. g5 Be7 20. Ne4 f5 21. Ng3 f4 22. Nf5 Ng6 23. Nxe7 Kxe7 24. Bxg6 hxg6 25. Rxe5+ Kf7 26. Rde1 1-0

[Event "FRA-chT2 0405"]
[Site "France"]
[Date "2005.02.06"]
[Round "7.3"]
[White "Depoorter, Enguerran"]
[Black "Medghoul, Sherif"]
[Result "1/2-1/2"]
[WhiteElo "2122"]
[BlackElo "2181"]
[PlyCount "91"]
[EventDate "2004.10.10"]
[EventType "team"]
[EventRounds "11"]
[EventCountry "FRA"]
[SourceTitle "EXT 2006"]
[Source "ChessBase"]
[SourceDate "2005.11.24"]
[SourceVersion "1"]
[SourceVersionDate "2005.11.24"]
[SourceQuality "1"]
[WhiteTeam "Neuville en Ferrain"]
[BlackTeam "Maromme"]
[WhiteTeamCountry "FRA"]
[BlackTeamCountry "FRA"]

1. e4 e6 2. Nf3 d5 3. exd5 exd5 4. d4 Bd6 5. Bd3 Ne7 6. c3 0-0 7. Qc2 h6 8. 0-0 Nd7 9. b3 c5 10. Re1 cxd4 11. cxd4 Nc6 12. a3 Nf6 13. Bb2 Qb6 14. Nbd2 a5 15. Bf5 Ne7 16. Bxc8 Rfxc8 17. Qd3 Qa6 18. Qxa6 Rxa6 19. Rac1 Rac6 20. Rxc6 Rxc6 21. Rc1 Rb6 22. g3 Kf8 23. Ne5 Bxe5 24. dxe5 Ne4 25. Bd4 Rb5 26. Nxe4 dxe4 27. Rc5 Rxc5 28. Bxc5 Ke8 29. Kf1 Kd7 30. Ke2 Nc6 31. Ke3 Nxe5 32. Kxe4 Ng4 33. h3 Nf6+ 34. Ke5 Kc6 35. Bd4 b5 36. Bc3 a4 37. bxa4 bxa4 38. Bb4 Nd7+ 39. Ke4 h5 40. g4 hxg4 41. hxg4 g6 42. Be7 Nb6 43. Bd8 Nd7 44. Be7 Nb6 45. Bd8 Nd7 46. Be7 1/2-1/2

[Event "FRA-chT2 0405"]
[Site "France"]
[Date "2005.01.09"]
[Round "6.2"]
[White "Depoorter, Enguerran"]
[Black "Sanchez, Louis"]
[Result "1/2-1/2"]
[WhiteElo "2122"]
[BlackElo "2291"]
[PlyCount "107"]
[EventDate "2004.10.10"]
[EventType "team"]
[EventRounds "11"]
[EventCountry "FRA"]
[SourceTitle "EXT 2006"]
[Source "ChessBase"]
[SourceDate "2005.11.24"]
[SourceVersion "1"]
[SourceVersionDate "2005.11.24"]
[SourceQuality "1"]
[WhiteTeam "Neuville en Ferrain"]
[BlackTeam "Clichy  II"]
[WhiteTeamCountry "FRA"]
[BlackTeamCountry "FRA"]

1. e4 c5 2. Nf3 e6 3. d4 cxd4 4. Nxd4 a6 5. Bd3 Bc5 6. Nb3 Ba7 7. Qe2 Nc6 8. Be3 d6 9. 0-0 Bxe3 10. Qxe3 e5 11. Nc3 Nf6 12. Bc4 b5 13. Bd5 Bb7 14. a3 0-0 15. Rad1 Nxd5 16. Nxd5 Ne7 17. Nxe7+ Qxe7 18. Na5 Rfc8 19. c3 Bc6 20. Nxc6 Rxc6 21. Rd5 Rb8 22. Rfd1 a5 23. Qd3 b4 24. axb4 axb4 25. cxb4 Rxb4 26. Rxd6 Rxd6 27. Qxd6 Qxd6 28. Rxd6 f6 29. f3 Rxb2 30. Rd7 h5 31. h4 Kh7 32. Kh2 Kh6 33. Rd6 Rb7 34. Re6 Rf7 35. Re8 g6 36. Kg3 Kg7 37. Kh3 Rb7 38. Kg3 Kf7 39. Rh8 Kg7 40. Re8 Ra7 41. Kh2 Kf7 42. Rh8 Re7 43. Rh7+ Ke6 44. Rxe7+ Kxe7 45. g4 Kd6 46. gxh5 gxh5 47. Kg3 Kc5 48. Kf2 Kb4 49. Ke2 Ka3 50. Ke3 Ka2 51. Ke2 Ka3 52. Ke3 Kb4 53. Kd2 Kc4 54. Kc2 1/2-1/2

[Event "FRA-chT2 0405"]
[Site "France"]
[Date "2004.12.05"]
[Round "4.6"]
[White "Depoorter, Enguerran"]
[Black "Goasdoue, Vincent M"]
[Result "1/2-1/2"]
[WhiteElo "2122"]
[BlackElo "2185"]
[PlyCount "89"]
[EventDate "2004.10.10"]
[EventType "team"]
[EventRounds "11"]
[EventCountry "FRA"]
[SourceTitle "EXT 2006"]
[Source "ChessBase"]
[SourceDate "2005.11.24"]
[SourceVersion "1"]
[SourceVersionDate "2005.11.24"]
[SourceQuality "1"]
[WhiteTeam "Neuville en Ferrain"]
[BlackTeam "Arras"]
[WhiteTeamCountry "FRA"]
[BlackTeamCountry "FRA"]

1. e4 g6 2. d4 Bg7 3. Nc3 d6 4. Be3 a6 5. a4 Nc6 6. Be2 e5 7. dxe5 Bxe5 8. Qd2 Bg7 9. Nf3 Bd7 10. 0-0 Nf6 11. h3 0-0 12. Bg5 Qc8 13. Rfe1 Re8 14. Bf1 Ne5 15. Nxe5 Rxe5 16. f4 Re8 17. Rad1 Bc6 18. Bd3 Nd7 19. b3 Nc5 20. Nd5 Bxd5 21. exd5 Qd7 22. Bh4 f5 23. Rxe8+ Rxe8 24. Re1 Bd4+ 25. Kf1 Rxe1+ 26. Bxe1 Qe7 27. Bxf5 Be3 28. Be6+ Qxe6 29. dxe6 Bxd2 30. Bxd2 Nxe6 31. Be3 Kf7 32. Ke2 d5 33. Kf3 h5 34. g4 hxg4+ 35. hxg4 Kf6 36. Bf2 Nf8 37. Bd4+ Ke6 38. Ke3 Nd7 39. Kd3 c5 40. Bf2 b5 41. axb5 axb5 42. c3 c4+ 43. bxc4 bxc4+ 44. Kd4 Nf6 45. f5+ 1/2-1/2

[Event "FRA-chT2 0405"]
[Site "France"]
[Date "2004.11.06"]
[Round "2.7"]
[White "Depoorter, Enguerran"]
[Black "Gollain, Marc"]
[Result "1/2-1/2"]
[WhiteElo "2122"]
[BlackElo "2190"]
[PlyCount "84"]
[EventDate "2004.10.10"]
[EventType "team"]
[EventRounds "11"]
[EventCountry "FRA"]
[SourceTitle "EXT 2006"]
[Source "ChessBase"]
[SourceDate "2005.11.24"]
[SourceVersion "1"]
[SourceVersionDate "2005.11.24"]
[SourceQuality "1"]
[WhiteTeam "Neuville en Ferrain"]
[BlackTeam "Bagneux"]
[WhiteTeamCountry "FRA"]
[BlackTeamCountry "FRA"]

1. e4 e5 2. Nf3 Nc6 3. Bc4 Nf6 4. d3 Bc5 5. c3 a6 6. 0-0 d6 7. Bb3 0-0 8. h3 h6 9. Nbd2 b5 10. Re1 g6 11. Nf1 Kg7 12. Qd2 Ng8 13. Bd5 Bd7 14. Bxc6 Bxc6 15. d4 exd4 16. cxd4 Bb6 17. d5 Bd7 18. b3 f6 19. Nd4 Qe7 20. Bb2 Rae8 21. Rac1 Kh7 22. Re3 h5 23. Ng3 Nh6 24. Bc3 Qd8 25. Ba5 Bxa5 26. Qxa5 c5 27. Qxd8 Rxd8 28. Nf3 Nf7 29. Rf1 Rfe8 30. Ne2 Re7 31. Nd2 Rde8 32. Nf4 Ng5 33. Rc1 Nf7 34. Nd3 Ne5 35. f4 Nxd3 36. Rxd3 Bc8 37. Re3 Bb7 38. Kf2 Kg7 39. g4 hxg4 40. hxg4 Rh8 41. Kg3 Rhe8 42. Kf2 Rh8 1/2-1/2

[Event "FRA-ch opA"]
[Site "Val d'Isere"]
[Date "2004.08.??"]
[Round "7"]
[White "Bouhlel, Mohamed Ali"]
[Black "Depoorter, Enguerran"]
[Result "1-0"]
[WhiteElo "2178"]
[BlackElo "2109"]
[PlyCount "55"]
[EventDate "2004.08.16"]
[EventType "swiss"]
[EventRounds "9"]
[EventCountry "FRA"]
[SourceTitle "EXT 2005"]
[Source "ChessBase"]
[SourceDate "2004.11.15"]
[SourceVersion "1"]
[SourceVersionDate "2004.11.15"]
[SourceQuality "1"]

1. e4 d6 2. d4 Nf6 3. Nc3 Nbd7 4. g4 h6 5. Be3 e5 6. h3 c6 7. Bg2 Qc7 8. Nge2 b5 9. Ng3 a6 10. 0-0 g6 11. Qd2 Bb7 12. f4 Bg7 13. Rad1 exf4 14. Bxf4 0-0-0 15. a4 Nb6 16. b3 Nfd7 17. axb5 cxb5 18. Na2 Nb8 19. Nb4 h5 20. gxh5 gxh5 21. Nf5 Bf8 22. Kh2 Re8 23. e5 Bxg2 24. Nxd6+ Bxd6 25. exd6 Qd7 26. Qxg2 Rhg8 27. Qf3 Qf5 28. Be5 1-0

[Event "France-ch U18"]
[Site "Reims"]
[Date "2004.04.22"]
[Round "6"]
[White "Depoorter, Enguerran"]
[Black "Brih, Said"]
[Result "0-1"]
[WhiteElo "2124"]
[BlackElo "2237"]
[PlyCount "142"]
[EventDate "2004.04.??"]
[EventType "swiss"]
[EventRounds "9"]
[EventCountry "FRA"]
[SourceTitle "EXT 2005"]
[Source "ChessBase"]
[SourceDate "2004.11.15"]
[SourceVersion "1"]
[SourceVersionDate "2004.11.15"]
[SourceQuality "1"]

1. e4 c5 2. Nf3 Nc6 3. Bb5 g6 4. Bxc6 bxc6 5. d4 Bg7 6. 0-0 cxd4 7. Nxd4 Nh6 8. c3 0-0 9. Bg5 f6 10. Bh4 Nf7 11. Nd2 Ba6 12. Re1 e5 13. N4b3 Qb6 14. Qf3 Nd6 15. Rad1 Rad8 16. Qe3 Qxe3 17. Rxe3 Bh6 18. Ree1 Nb7 19. f3 Bd3 20. Bf2 Bc2 21. Ra1 a6 22. Nf1 d5 23. exd5 cxd5 24. Nc5 Nxc5 25. Bxc5 Rf7 26. Ne3 Ba4 27. b3 Bc6 28. Rad1 Bf8 29. Bxf8 Kxf8 30. Rd2 Rfd7 31. Nc2 Bb7 32. Red1 Rc7 33. c4 d4 34. Kf2 a5 35. Na3 Ba6 36. Ke2 Rb8 37. Rb1 Ke7 38. Kd3 Kd6 39. Re2 Kc5 40. Rc1 Re7 41. Nb5 Rbe8 42. Rce1 Bb7 43. a3 Bc6 44. Rb2 Bxb5 45. cxb5 Kxb5 46. Rc2 Rb8 47. Rc4 Ka6 48. b4 Reb7 49. f4 Rb5 50. Rc6+ R8b6 51. Rc7 Re6 52. fxe5 fxe5 53. Rxh7 axb4 54. axb4 Rxb4 55. Rh4 Kb5 56. Rhe4 Rb3+ 57. Kd2 Kc4 58. Rxe5 Rxe5 59. Rxe5 Rb2+ 60. Kc1 Rxg2 61. h4 Kd3 62. h5 Rg1+ 63. Kb2 Kd2 64. hxg6 Rxg6 65. Rb5 d3 66. Rb8 Rg5 67. Rb7 Re5 68. Rh7 Rb5+ 69. Ka2 Kc2 70. Rc7+ Kd1 71. Rd7 d2 0-1

[Event "FRA-chT3 North 0304"]
[Site "France"]
[Date "2004.04.04"]
[Round "9.3"]
[White "Depoorter, Enguerran"]
[Black "Catteau, Bruno"]
[Result "1/2-1/2"]
[WhiteElo "2122"]
[BlackElo "2155"]
[PlyCount "52"]
[EventDate "2003.11.??"]
[EventType "team"]
[EventRounds "9"]
[EventCountry "FRA"]
[SourceTitle "EXT 2006"]
[Source "ChessBase"]
[SourceDate "2005.11.24"]
[SourceVersion "1"]
[SourceVersionDate "2005.11.24"]
[SourceQuality "1"]
[WhiteTeam "Neuville en Ferrain"]
[BlackTeam "Baisieux"]
[WhiteTeamCountry "FRA"]
[BlackTeamCountry "FRA"]

1. e4 c5 2. Nf3 e6 3. d4 cxd4 4. Nxd4 a6 5. Bd3 Nc6 6. Nb3 Qc7 7. Qe2 Nf6 8. 0-0 Be7 9. f4 d6 10. c4 0-0 11. Nc3 b6 12. Be3 Bb7 13. a3 Rac8 14. Na4 Nd7 15. Qf2 Nc5 16. Nbxc5 dxc5 17. Rad1 Rcd8 18. Nc3 Rd7 19. Bc2 Rxd1 20. Rxd1 Rd8 21. Rxd8+ Qxd8 22. Qd2 Qxd2 23. Bxd2 f6 24. Kf2 Kf7 25. Be3 e5 26. f5 Nd4 1/2-1/2

[Event "FRA-chT3 North 0304"]
[Site "France"]
[Date "2004.04.03"]
[Round "8.1"]
[White "Smailovic, Omer"]
[Black "Depoorter, Enguerran"]
[Result "1-0"]
[WhiteElo "2231"]
[BlackElo "2122"]
[PlyCount "67"]
[EventDate "2003.11.??"]
[EventType "team"]
[EventRounds "9"]
[EventCountry "FRA"]
[SourceTitle "EXT 2006"]
[Source "ChessBase"]
[SourceDate "2005.11.24"]
[SourceVersion "1"]
[SourceVersionDate "2005.11.24"]
[SourceQuality "1"]
[WhiteTeam "Aulnoye"]
[BlackTeam "Neuville en Ferrain"]
[WhiteTeamCountry "FRA"]
[BlackTeamCountry "FRA"]

1. c4 e5 2. Nc3 f5 3. d4 exd4 4. Qxd4 Nc6 5. Qd3 d6 6. Nf3 Be7 7. Nd5 Nf6 8. Nxe7 Qxe7 9. g3 Ne4 10. a3 a5 11. Bg2 a4 12. 0-0 0-0 13. h4 h6 14. Bf4 Qf6 15. Qc2 Be6 16. Be3 Na5 17. Nd2 Nxd2 18. Bxd2 Nxc4 19. Bc3 Qf7 20. Bxb7 Ra7 21. Bc6 f4 22. Bd4 Ra5 23. Rac1 Ne5 24. Bxa4 Rxa4 25. Qxa4 Bh3 26. Bxe5 Bxf1 27. Kxf1 dxe5 28. Qc4 Qxc4 29. Rxc4 fxg3 30. f3 Rd8 31. Rxc7 Rd1+ 32. Kg2 Rd2 33. Rb7 Rxe2+ 34. Kxg3 1-0

[Event "Vandoeuvre op"]
[Site "Vandoeuvre"]
[Date "2004.??.??"]
[Round "8"]
[White "Brasselle, Andre"]
[Black "Depoorter, Enguerran"]
[Result "1/2-1/2"]
[WhiteElo "1859"]
[BlackElo "2122"]
[PlyCount "46"]
[EventDate "2004.12.26"]
[EventType "swiss"]
[EventRounds "9"]
[EventCountry "FRA"]
[SourceTitle "CBM 104 Extra"]
[Source "ChessBase"]
[SourceDate "2005.03.01"]
[SourceVersion "1"]
[SourceVersionDate "2005.03.01"]
[SourceQuality "1"]

1. d4 Nf6 2. Nf3 g6 3. g3 Bg7 4. Bg2 c5 5. c4 cxd4 6. Nxd4 0-0 7. Nc3 d6 8. 0-0 h6 9. Rb1 a6 10. b3 Qc7 11. Bb2 Nbd7 12. h3 Nc5 13. e4 Bd7 14. Re1 Rab8 15. Nd5 Qd8 16. Qd2 e5 17. Nxf6+ Qxf6 18. Ne2 b5 19. Ba3 b4 20. Bxb4 Rxb4 21. Qxb4 Nd3 22. Qd2 Qxf2+ 23. Kh2 Nxe1 1/2-1/2

[Event "Vandoeuvre op"]
[Site "Vandoeuvre"]
[Date "2004.??.??"]
[Round "4"]
[White "Depoorter, Enguerran"]
[Black "Grosdemange, David"]
[Result "1-0"]
[WhiteElo "2122"]
[BlackElo "1210"]
[PlyCount "31"]
[EventDate "2004.12.26"]
[EventType "swiss"]
[EventRounds "9"]
[EventCountry "FRA"]
[SourceTitle "CBM 104 Extra"]
[Source "ChessBase"]
[SourceDate "2005.03.01"]
[SourceVersion "1"]
[SourceVersionDate "2005.03.01"]
[SourceQuality "1"]

1. d4 Nf6 2. c4 g6 3. Nc3 Bg7 4. e4 0-0 5. f3 d6 6. Be3 e5 7. d5 Ne8 8. Qd2 f5 9. 0-0-0 f4 10. Bf2 c5 11. g3 Qa5 12. Nh3 fxg3 13. hxg3 Bxh3 14. Bxh3 Rxf3 15. Be6+ Kh8 16. Rxh7+ 1-0